[Event "It \"]
[Site "masterchessopen.com Bastia (France)"]
[Date "2005.11.02"]
[Round "7"]
[White "Izoria Zviad (GEO)"]
[Black "Bagheri Amir (FRA)"]
[Result "1-0"]
[WhiteElo "2646"]
[BlackElo "2520"]

{ Izoria Zviad (GEO) +0 =1 -0 } 1.Nf3 Nf6 2.c4 e6 3.g3 d5 4.d4 dxc4 5.Bg2 Be7
{ ? } ( 5...a6 6.O-O b5 7.Ne5 Nd5 8.e4 Nf6 9.a4 Bb7 10.axb5 axb5 11.Rxa8 Bxa8
12.Nc3 c6 13.Bf4 Be7 14.Qa1 Nbd7 15.d5 Nxe5 16.Bxe5 cxd5 17.exd5 Bxd5 18.Bxf6
Bxf6 19.Bxd5 exd5 20.Re1+ Kf8 21.Qa3+ Be7 22.Qa7 g6 23.Nxb5 d4 { 1/2-1/2,
Radjabov Teimour 2663 - Topalov Veselin 2757 , Linares 2. 3.2004 It (cat.20) }
) 6.Qa4+ Bd7 7.Qxc4 Bc6 8.O-O O-O { ? } 9.Bf4 ( 9.Nc3 Nbd7 10.Rd1 Ne4 11.Bd2
Nb6 12.Qd3 Nxc3 13.Bxc3 Qd5 14.Ne1 Qb5 15.e4 Qxd3 16.Nxd3 Rfd8 17.b3 a5 18.a4
Bf6 19.Ne5 Bxe5 20.dxe5 Rxd1+ 21.Rxd1 Nd7 22.Bd4 Rd8 23.Be3 Kf8 24.f4 Ke8
25.Kf2 Nb8 26.Rxd8+ Kxd8 27.Bd4 b5 28.axb5 Bxb5 { ...1-0, Atalik Suat 2585 -
Lazovic Gordan 2315 , Sk.Loka 1998 Ch Slovenia (team) } ) 9...Nbd7 { -0.04 CAP
} 10.Rd1 { N } ( 10.Nc3 Bd6 ( 10...Nb6 11.Qd3 Nbd5 12.Ne5 Nxf4 13.gxf4 Bxg2
14.Kxg2 Nd5 15.Qf3 c6 16.Nxd5 Qxd5 17.Qxd5 cxd5 18.Rac1 Rac8 19.e3 Bd6 20.Nd3
Rc4 21.b3 Rcc8 22.h3 Ba3 23.Ra1 Rc2 24.Ne1 Re2 25.Kf3 Rd2 26.h4 h5 27.Rg1 Rc8
28.Ng2 Rcc2 29.Raf1 Rxa2 { ...0-1, Monz Dieter 2055 - Gartner Hubert 1200 ,
Austria 2001 Staatsliga B West 2000/01 } ) 11.Be3 Nd5 12.Bg5 f6 13.Bd2 Qe8
14.Rfe1 f5 15.Ng5 N7f6 16.Qb3 h6 17.Nh3 g5 18.e4 Nxc3 19.bxc3 f4 20.c4 Ba4
21.Qc3 e5 22.c5 exd4 23.Qc1 f3 24.Bf1 Be5 25.Bxg5 hxg5 26.Qxg5+ Kh7 27.Qh4+
Kg7 28.Qg5+ Kh7 29.Qh4+ { 1/2-1/2, Romanishin Oleg M 2543 - Lekic Dusan 2425 ,
Korinthos 2002 It (open) } ) ( 10.Nbd2 Nb6 11.Qc2 Nfd5 12.Ne4 Nxf4 13.gxf4
Bxe4 14.Qxe4 Nd5 15.Rfd1 c6 16.Rac1 Bd6 17.e3 Qe7 18.Ng5 Nf6 19.Qc2 h6 20.Nf3
Rfd8 21.Qc4 Qf8 22.Kh1 Rac8 23.Qa4 Bb8 24.b4 Qe7 25.Kg1 Nd5 26.a3 g5 27.fxg5
hxg5 28.h3 f6 29.Qc2 Qg7 { ...1/2-1/2, Pashos Alexandros 2012 - Verykakis
Emmanouil, Greece 1. 7.2004 Ch Greece (juniors) (under 16) } ) 10...Bd6 11.Bg5
h6 12.Bxf6 Nxf6 13.Nc3 Qe7 14.Nd2 Bxg2 15.Kxg2 c6 16.Nde4 Nxe4 17.Nxe4 Rad8
18.e3 Qd7 19.Rac1 Be7 20.a3 Qd5 21.Qxd5 Rxd5 22.f4 Rfd8 23.Kf3 c5 24.Nc3 R5d7
25.dxc5 Bxc5 26.Rxd7 Rxd7 27.Ne4 Bb6 28.Rc8+ Kh7 29.Ke2 f5 30.Nc3 Kg6 31.Na4
Kf7 32.Nxb6 axb6 33.Rc4 g5 34.Rb4 Rd6 35.e4 gxf4 36.gxf4 fxe4 37.Ke3 Kf6
38.Kxe4 Rc6 39.Rb5 Rc4+ 40.Ke3 Rc6 41.Kf3 Rd6 42.Kg4 Kg6 43.Re5 Kf6 44.Rh5 Kg6
45.Rb5 Kf6 46.a4 Kg6 47.b3 Kf6 48.Kf3 Rd3+ { ?! } ( 48...Rc6 49.Ke4 Rd6 50.Rb4
Kg6 { } ) 49.Ke4 Rd6 50.Rb4 Ke7 51.Rd4 Rc6 52.Rc4 Rxc4+ 53.bxc4 Kf6 54.h3 Kf7
55.f5 { ?? } ( 55.Ke5 Ke7 56.h4 { } ) 55...exf5+ { ?? } ( 55...Kf6 56.fxe6
Kxe6 57.Kd4 Kd6 { } ) 56.Kxf5 Kg7 57.Ke5 { } {#r} 1-0

[Event "Zt"]
[Site "masterchessopen.com Santiago (Chile)"]
[Date "2005.11.10"]
[Round "7"]
[White "Avalos Joao (CHI)"]
[Black "Bartucevic Diego (CHI)"]
[Result "0-1"]
[WhiteElo "2268"]
[BlackElo "2053"]

1.d4 d5 2.c4 e6 3.Nf3 Nf6 4.g3 Be7 5.Bg2 dxc4 6.O-O O-O 7.Qc2 a6 8.Qxc4 b5
9.Qc2 Bb7 10.Bd2 Be4 11.Qc1 Nbd7 12.Ba5 Rc8 13.Nbd2 Ba8 14.Qc2 Nb6 15.b4 Re8
16.Rac1 Bf8 17.Qd3 g6 18.Rc2 Bh6 19.Ne5 Bxg2 20.Kxg2 Bxd2 21.Qxd2 Qd5+ 22.f3
Nfd7 23.e4 Qb7 24.Ng4 Nc4 25.Qf4 f5 26.Nf2 e5 27.dxe5 Ndxe5 28.Re1 Rcd8
29.exf5 Nxf3 30.Rxe8+ Rxe8 31.Kh3 Ng1+ 32.Kh4 Ne3 33.Qxc7 Nxf5+ 34.Kg5 Nf3+
35.Kf4 Qd5 36.Qc6 g5+ 37.Kg4 Ne5+ {#R} 0-1

[Event "Ch Romania"]
[Site "masterchessopen.com Baile Tusnad (Romania)"]
[Date "2005.12.02"]
[Round "7"]
[White "Ionescu Mihai (ROM)"]
[Black "Madan Augustin (ROM)"]
[Result "0-1"]
[WhiteElo "2389"]
[BlackElo "2388"]

1.d4 Nf6 2.c4 e6 3.g3 d5 4.Nf3 Be7 5.Bg2 dxc4 6.O-O O-O 7.Qc2 Bd7 8.Qxc4 Bc6
9.Nc3 Nbd7 10.Rd1 Bd6 11.Qd3 Bb4 12.Bf4 Bxc3 13.Qxc3 Nd5 14.Qd2 Nxf4 15.Qxf4
Nf6 16.Rac1 Qd6 17.a3 Qxf4 18.gxf4 a5 19.Ne5 Bxg2 20.Kxg2 c6 21.Kf3 Rfd8 22.e3
a4 23.Rc4 Nd7 24.Rb4 Nxe5+ 25.fxe5 b5 26.Rc1 Ra6 27.h4 Kf8 28.h5 Ke7 29.Ke4 g6
30.f4 Rg8 31.Kf3 g5 32.Rg1 f6 33.b3 axb3 34.Rxb3 Raa8 35.Rc3 fxe5 36.fxe5 Kd7
37.Kg4 h6 38.Rgc1 Rac8 39.Rf1 Rgf8 40.Rcc1 Ra8 41.Rxf8 Rxf8 42.Rc3 Rf1 43.a4
Rb1 44.axb5 cxb5 45.e4 b4 46.Rg3 b3 47.d5 Ke7 48.Rg2 Rd1 49.Rb2 Rd3 50.Rb1 Re3
51.dxe6 Rxe4+ 52.Kf5 Rf4+ 53.Kg6 Rf3 54.Kxh6 g4 55.Kg7 g3 56.h6 g2 57.Rg1 Rg3+
58.Kh8 b2 59.h7 Ke8 60.e7 Kxe7 61.e6 Rg5 62.Rb1 Rh5 63.Kg7 Rh1 64.Rg1 b1=Q
{#R} 0-1

[Event "It (open)"]
[Site "masterchessopen.com Litomysl (Czech Republic)"]
[Date "2005.12.29"]
[Round "5"]
[White "Bernasek Jan (CZE)"]
[Black "Gheorghe Corina (ROM)"]
[Result "1-0"]
[WhiteElo "2440"]
[BlackElo "2274"]

1.d4 d5 2.Nf3 Nf6 3.g3 e6 4.c4 dxc4 5.Bg2 Be7 6.O-O O-O 7.Qc2 a6 8.Qxc4 b5
9.Qc2 Bb7 10.Bd2 Be4 11.Qc1 Bb7 12.Rd1 Qc8 13.Bg5 Rd8 14.Nbd2 Nbd7 15.Nb3 h6
16.Bxf6 Bxf6 17.Na5 Bd5 18.Qc2 Ra7 19.e4 Ba8 20.b4 Nb6 21.Rac1 Rd7 22.Rd2 Qd8
23.Rcd1 g6 24.a3 Bg7 25.Ne5 Bxe5 26.dxe5 c6 27.Rd6 Nc8 28.Nxc6 Bxc6 29.Qxc6
Nxd6 30.exd6 e5 31.Bh3 Rdb7 32.d7 Rb8 33.Qd6 Raa8 34.Qxe5 Qg5 35.Qd6 Kg7 36.e5
Qd8 37.Bg2 Rb6 38.Qd4 Rab8 39.e6+ Kf8 40.Qc5+ {#r} 1-0

[Event "Ch Georgia (w)"]
[Site "masterchessopen.com Tbilisi (Georgia)"]
[Date "2006.01.11"]
[Round "3"]
[White "Batsiashvili Nino (GEO)"]
[Black "Gvetadze Sopio (GEO)"]
[Result "0-1"]
[WhiteElo "2347"]
[BlackElo "2396"]

1.d4 Nf6 2.c4 e6 3.g3 d5 4.Bg2 Be7 5.Nf3 dxc4 6.O-O O-O 7.Qc2 c6 8.Qxc4 b5
9.Qc2 Bb7 10.a4 a6 11.Rd1 Nbd7 12.Ne5 Nxe5 13.dxe5 Nd5 14.Nc3 Qb8 15.f4 Rc8
16.Ne4 c5 17.Ra3 c4 18.Rf3 Nb4 19.Qb1 Bd5 20.g4 Rd8 21.Rdf1 Ra7 22.Rh3 g6
23.Be3 Rad7 24.axb5 axb5 25.Bf3 Bxe4 26.Qxe4 Nd5 27.Bf2 c3 28.bxc3 Nxc3 29.Qc2
b4 30.Be3 Nd1 31.Qe4 Nxe3 32.Qxe3 b3 33.f5 Bf8 34.fxe6 fxe6 35.Be4 Qxe5 36.Qf4
Qxf4 37.Rxf4 Rb8 38.Rf1 Rd4 39.Bb1 Rxg4+ 40.Kh1 Rc4 41.Kg2 Bg7 42.Re3 Rc6
43.h3 Bh6 44.Re4 Rf8 45.Rxf8+ Bxf8 46.Re3 Rb6 47.Rc3 Kf7 48.Rc7+ Be7 49.Kf3
Kf6 50.Ra7 b2 51.Rc7 Rb3+ 52.Kg2 Re3 53.Rc2 Ba3 54.Rd2 Rc3 55.Ba2 Rc1 56.Rd3
Ra1 57.Rxa3 Rxa2 58.Rb3 Ke5 59.Rb4 Kd5 60.Kf3 Kc5 61.Rb7 Kc4 62.Ke3 Ra3+ {#R}
0-1

[Event "Czech League 2005/06 (2nd) (c)"]
[Site "masterchessopen.com Czech Republic"]
[Date "2006.02.26"]
[Round "8"]
[White "Forman Stepan (CZE)"]
[Black "Kalivoda Jaroslav (CZE)"]
[Result "1-0"]
[WhiteElo "2292"]
[BlackElo "2147"]

1.d4 d5 2.Nf3 Nf6 3.g3 e6 4.c4 dxc4 5.Bg2 Be7 6.O-O O-O 7.Ne5 Nfd7 8.Nxc4 c6
9.Nc3 Nb6 10.Ne5 Nd5 11.e4 Nxc3 12.bxc3 Nd7 13.Nxd7 Qxd7 14.Be3 b6 15.Qb3 Bb7
16.f4 Rad8 17.Rad1 Qc7 18.f5 exf5 19.Rxf5 Bc8 20.Rf2 Be6 21.Qb1 b5 22.d5 Bg4
23.Rdf1 cxd5 24.exd5 Bc5 25.Bxc5 Qxc5 26.Qb4 Qxb4 27.cxb4 Rd6 28.Rc1 Bd7
29.Rc7 a6 30.Rfc2 Rd8 31.Kf2 Kf8 32.Ra7 Rc8 33.Rd2 Be6 34.Ke3 Rcd8 35.Rf2 Bxd5
36.Bxd5 Rxd5 37.Rfxf7+ Kg8 38.Rxg7+ Kf8 39.Rxh7 Rd3+ 40.Ke2 Rd2+ 41.Kf3 Kg8
42.Rhb7 Rxh2 43.Rxa6 Rd3+ 44.Ke4 Rd8 45.Rba7 Re8+ 46.Kf3 Rf8+ 47.Kg4 Rc2
48.Ra8 Rc4+ 49.Kg5 Rxa8 50.Rxa8+ Kf7 51.a3 Rc3 52.g4 Rh3 53.Ra7+ Ke6 54.Kg6
Rg3 55.g5 Rh3 56.Kg7 Kf5 57.g6 Rg3 58.Ra6 Rc3 59.Kh7 Rh3+ 60.Kg8 Rc3 61.g7 Rc1
62.Kh7 {#r} 1-0

[Event "It (open)"]
[Site "masterchessopen.com Bad Ems (Germany)"]
[Date "2006.03.04"]
[Round "1"]
[White "Roos Thomas (GER)"]
[Black "Thomassen Joachim (NOR)"]
[Result "1-0"]
[WhiteElo "2249"]
[BlackElo "2059"]

1.d4 Nf6 2.c4 e6 3.g3 d5 4.Bg2 Be7 5.Nf3 dxc4 6.O-O O-O 7.Ne5 c5 8.dxc5 Bxc5
9.Nxc4 Qe7 10.Nc3 Nc6 11.Bg5 Rd8 12.Qc1 h6 13.Bxf6 Qxf6 14.Bxc6 bxc6 15.Ne4
Qf5 16.Nxc5 Qxc5 17.Ne3 Qb6 18.Qc2 Ba6 19.Rfe1 Rac8 20.Rad1 c5 21.b3 Rd4
22.Nc4 Bxc4 23.bxc4 Rcd8 24.Rxd4 Rxd4 25.e3 Rd7 26.Rb1 Qc7 27.Qe4 Qd6 28.g4
Qe7 29.Kg2 g6 30.a4 Kh7 31.h3 Rc7 32.Rb8 Qd6 33.Ra8 Kg7 34.h4 f5 35.Qf3 a6
36.gxf5 gxf5 37.Qg3+ Qxg3+ 38.Kxg3 Rc6 39.a5 Kf7 40.Rb8 Ke7 41.Rb7+ Kd6 42.Kf4
Rc7 43.Rxc7 Kxc7 44.Ke5 Kd7 45.Kf6 h5 46.f3 Kd6 47.e4 {#r} 1-0

[Event "Ch Madrid (final)"]
[Site "masterchessopen.com Madrid (Spain)"]
[Date "2006.03.16"]
[Round "10"]
[White "Vazquez Renier (ESP)"]
[Black "Franco Alonso Alejandro (ESP)"]
[Result "1-0"]
[WhiteElo "2524"]
[BlackElo "2421"]

{ } 1.d4 Nf6 2.Nf3 e6 3.g3 d5 4.Bg2 Be7 5.c4 dxc4 6.O-O O-O 7.Qc2 a6 8.a4 Bd7
9.Nbd2 Bc6 10.Nxc4 ( 10.Qxc4 Ne4 11.Qc2 Nxd2 12.Bxd2 Qd5 13.Rfd1 Qe4 14.Qc3
Rc8 15.b4 Nd7 16.Re1 Bf6 17.e3 e5 18.b5 axb5 19.axb5 Rxa1 20.bxc6 Rxe1+
21.Nxe1 Qf5 22.cxd7 Qxd7 23.dxe5 Bxe5 24.Qxe5 Qxd2 25.Qa1 b5 26.Nf3 Qb4 27.Nd4
Qa4 28.Qb2 b4 29.Nf5 { 1-0, Ribli Zoltan 2595 - Jelen Iztok 2420 ,
Bled/Portoroz 1979 It (cat.12) } ) 10...Be4 { = } 11.Qb3 ( 11.Qc3 Nc6 12.Nce5
Nd5 13.Qb3 Na5 14.Qd1 c5 15.Bd2 Nb4 16.Rc1 cxd4 17.Bxb4 Bxb4 18.Qxd4 Qxd4
19.Nxd4 Bxg2 20.Kxg2 Rfd8 21.e3 Rac8 22.Rfd1 Rxc1 23.Rxc1 Bd6 24.f4 g5 25.Kf3
h6 26.Rc3 Bb4 27.Rc2 Bf8 28.h3 Bd6 29.Ke4 b6 30.b4 Nb7 { ...1-0, Kuzmin
Gennadi P 2530 - Vaganian Rafael A 2590 , Vilnius 1980 Ch URS } ) 11...Nc6
12.Be3 { -0.33 CAP } ( 12.e3 Nb4 13.Ne1 b5 14.Na3 c5 15.dxc5 Bxc5 16.Bxe4 Nxe4
17.axb5 axb5 18.Nec2 Nxc2 19.Qxc2 Qd5 20.Qd1 Rfd8 21.Qxd5 Rxd5 22.Nc2 Rxa1
23.Nxa1 f5 24.Nb3 Bb6 25.f3 Nd6 26.Kf2 Nc4 27.Ke2 Nxe3 28.Bxe3 Re5 29.Nc1
Rxe3+ 30.Kd2 g5 31.Nd3 e5 { ...0-1, Bender Ivan 2288 - Zorko Jure 2314 ,
Kostrena 2003 It (cat.3) } ) 12...Nd5 { N } ( 12...a5 { 1/2-1/2, Whiteley
Andrew J 2228 - Hawksworth John C 2355 , London 1985 It (young masters) } )
13.Rfd1 Ncb4 { ?! } ( 13...Ndb4 14.Rd2 Qd5 { } ) 14.Rac1 a5 15.Bd2 Qe8 16.Na3
c6 17.Nb1 Nb6 18.Nc3 Bd5 19.Nxd5 cxd5 20.Ra1 Nc4 21.Bc3 b5 22.Rdc1 Rb8 23.Bf1
Na6 24.e3 Nc7 25.axb5 Nxb5 26.Bxc4 Nd6 27.Qd1 Nxc4 28.b3 Nd6 29.Bxa5 Qb5
30.Ne5 Qxb3 { ? } ( 30...Rbc8 31.Bc7 Ne8 32.Ra7 Nxc7 { } ) 31.Nd7 Qb5 32.Nxb8
Qxb8 33.Bc7 Qb5 34.Rab1 Qd7 35.Bxd6 Bxd6 36.Qc2 Qe7 37.Qc6 { } {#r} 1-0

[Event "It \"]
[Site "masterchessopen.com Reykjavik (Iceland)"]
[Date "2006.03.16"]
[Round "4"]
[White "Stefansson Hannes (ISL)"]
[Black "Vasilevich Tatjana (UKR)"]
[Result "1-0"]
[WhiteElo "2551"]
[BlackElo "2396"]

1.d4 Nf6 2.c4 e6 3.Nf3 d5 4.g3 dxc4 5.Bg2 Be7 6.O-O a6 7.Ne5 O-O 8.Nxc4 c5
9.dxc5 Bxc5 10.Nc3 Nc6 11.Bg5 h6 12.Qxd8 Rxd8 13.Bxf6 gxf6 14.Ne4 Be7 15.Rfd1
f5 16.Ned6 Rb8 17.Rd2 Bd7 18.Rad1 Be8 19.Nxe8 Rxe8 20.Bxc6 bxc6 21.Rd7 Red8
22.b3 Bf6 23.e3 Rxd7 24.Rxd7 Rd8 25.Ra7 Rd1+ 26.Kg2 a5 27.Rxa5 Bc3 28.Ra6 Ra1
29.Kf3 Kg7 30.e4 Bd4 31.exf5 exf5 32.Ne3 Bxe3 33.Kxe3 Re1+ 34.Kd2 Rf1 35.Ke2
Rh1 36.Rxc6 Rxh2 37.a4 Rh1 38.a5 Rb1 39.Rb6 f4 40.a6 fxg3 41.fxg3 f5 42.Kf3
Rf1+ 43.Kg2 Ra1 44.b4 Ra2+ 45.Kf3 Ra3+ 46.Kf4 h5 47.b5 {#r} 1-0

[Event "Ch France (team) (nat.2) 2005/06"]
[Site "masterchessopen.com France"]
[Date "2006.04.02"]
[Round "11"]
[White "Levasseur Philippe (FRA)"]
[Black "Geffroy Laurent (FRA)"]
[Result "1-0"]
[WhiteElo "2182"]
[BlackElo "2246"]

1.c4 e6 2.g3 d5 3.Bg2 Nf6 4.Nf3 Be7 5.d4 dxc4 6.O-O O-O 7.Qc2 a6 8.Rd1 b5
9.Ne5 Nd5 10.a4 Bb7 11.e4 Nb4 12.Qe2 N8c6 13.Nf3 Na5 14.axb5 Nb3 15.bxa6 Bxa6
16.Rxa6 Rxa6 17.Qxc4 Nxc1 18.Qxc1 Qd6 19.Na3 c5 20.d5 exd5 21.exd5 Rd8 22.Nc4
Qg6 23.Nfe5 Qc2 24.Ne3 Qxc1 25.Rxc1 Bf6 26.Nc6 Nd3 27.Rb1 Rda8 28.Be4 Ra1
29.Rxa1 Rxa1+ 30.Kg2 Nxb2 31.d6 Ra6 32.d7 Rxc6 33.Bxc6 Kf8 34.Kf3 Nd3 35.Nc4
Ke7 36.Ke2 Nb4 37.Bb5 Nd5 38.Kd3 Kd8 39.Nd6 Nb6 40.Nb7+ Kc7 41.Nxc5 Be7 {#r}
1-0

[Event "It (open)"]
[Site "masterchessopen.com Hassloch (Germany)"]
[Date "2006.06.03"]
[Round "3"]
[White "Donchenko Anatoly G (GER)"]
[Black "Dann Matthias (GER)"]
[Result "1-0"]
[WhiteElo "2395"]
[BlackElo "2110"]

1.Nf3 Nf6 2.c4 e6 3.g3 d5 4.Bg2 Be7 5.d4 dxc4 6.Na3 O-O 7.Nxc4 c5 8.O-O Nc6
9.dxc5 Bxc5 10.a3 Qe7 11.b4 Rd8 12.Bd2 Bd4 13.Nxd4 Nxd4 14.e3 Nb5 15.Qc2 Rb8
16.a4 Nd6 17.Nxd6 Qxd6 18.Rfd1 Bd7 19.Bc3 Qe7 20.b5 Be8 21.Qb2 b6 22.h3 Rbc8
23.Rdc1 Bd7 24.Be5 Ne8 25.Qb3 f6 26.Bb2 Qf7 27.Ba3 Kh8 28.Rd1 Kg8 29.Rd4 Rc7
30.Rad1 Rdc8 31.g4 h6 32.Be4 g5 33.Qd3 f5 34.Bxf5 Nf6 35.Bg6 Qg7 36.Bb2 Be8
37.Rd8 Rxd8 38.Qxd8 {#r} 1-0

[Event "Ch Norway (kl. juniors)"]
[Site "masterchessopen.com Moss (Norway)"]
[Date "2006.07.09"]
[Round "2"]
[White "Skrondal Inge S"]
[Black "Hagen Brede Andre Larsen (NOR)"]
[Result "1-0"]
[WhiteElo "2101"]
[BlackElo "2013"]

1.d4 d5 2.Nf3 Nf6 3.c4 e6 4.g3 dxc4 5.Bg2 Be7 6.O-O O-O 7.Qc2 c6 8.Qxc4 b5
9.Qc2 Bb7 10.Nbd2 Nbd7 11.Nb3 Qb6 12.Be3 Nd5 13.Ng5 g6 14.Ne4 Rac8 15.Bh6 Rfd8
16.Nbc5 Nb4 17.Qb3 Nxc5 18.dxc5 Bxc5 19.Qc3 Bd4 20.Qxb4 c5 21.Qb3 b4 22.Bg5 c4
23.Bxd8 Bxf2+ 24.Rxf2 Qxf2+ 25.Kxf2 cxb3 26.Bf6 {#r} 1-0

[Event "It (w)"]
[Site "masterchessopen.com St. Lo (France)"]
[Date "2006.07.10"]
[Round "3"]
[White "Nebolsina Vera (RUS)"]
[Black "Perrusset Barbara (FRA)"]
[Result "1-0"]
[WhiteElo "2349"]
[BlackElo "1839"]

1.d4 d5 2.Nf3 e6 3.g3 Nf6 4.c4 dxc4 5.Bg2 Be7 6.O-O O-O 7.Qc2 a6 8.a4 c6 9.a5
b5 10.axb6 Qxb6 11.Nbd2 Bb7 12.Nxc4 Qa7 13.Na5 Nbd7 14.Qb3 Nb6 15.Ne5 Bd6
16.Nxb7 {#r} 1-0

[Event "It (open)"]
[Site "masterchessopen.com Gent (Belgium)"]
[Date "2006.07.18"]
[Round "7"]
[White "Cattoir Harry"]
[Black "Balatoni R"]
[Result "1-0"]
[WhiteElo "1823"]
[BlackElo "1520"]

1.d4 d5 2.c4 e6 3.Nf3 Nf6 4.g3 dxc4 5.Bg2 Be7 6.O-O O-O 7.Ne5 c5 8.dxc5 Bxc5
9.Nxc4 Qxd1 10.Rxd1 Nc6 11.Nc3 Bd7 12.Nd6 Bxd6 13.Rxd6 h6 14.Be3 a6 15.Bb6
Rfe8 16.Rad1 Bc8 17.Na4 Ne7 18.Rd8 Ned5 19.Rxe8+ Nxe8 20.e4 Nb4 21.Rd8 Kf8
22.Bc5+ {#r} 1-0

[Event "It (open)"]
[Site "masterchessopen.com Argentina"]
[Date "2006.08.09"]
[Round "1"]
[White "Perelman Hernan (ARG)"]
[Black "Coronel Nestor (ARG)"]
[Result "1-0"]
[WhiteElo "2296"]
[BlackElo "1742"]

1.d4 Nf6 2.Nf3 e6 3.c4 d5 4.g3 dxc4 5.Bg2 Be7 6.O-O O-O 7.Qc2 a6 8.Nbd2 Bd7
9.Nxc4 Bc6 10.Bf4 Nbd7 11.Na5 Nb8 12.Rfd1 Nd5 13.Nxc6 Nxc6 14.Bd2 Rc8 15.e4
Nb6 16.Be3 Qd6 17.Rac1 Qb4 18.d5 exd5 19.exd5 Nb8 20.a3 Qa4 21.Bh3 Qxc2
22.Rxc2 f5 23.Nd4 g6 24.Ne6 N8d7 25.Nxf8 Kxf8 26.g4 {#r} 1-0

[Event "Zt"]
[Site "masterchessopen.com Toronto (Canada)"]
[Date "2006.08.21"]
[Round "4"]
[White "Bolduc Steve (CAN)"]
[Black "Kagramanov Dina (CAN)"]
[Result "1-0"]
[WhiteElo "2177"]
[BlackElo "2076"]

1.d4 d5 2.Nf3 Nf6 3.c4 e6 4.g3 dxc4 5.Bg2 Be7 6.O-O O-O 7.Na3 Nc6 8.Nxc4 a6
9.a3 Rb8 10.e3 Bd7 11.Qc2 Rc8 12.Bd2 b5 13.Nce5 Nxe5 14.Nxe5 c5 15.Nxd7 Qxd7
16.dxc5 Rxc5 17.Bc3 Qc7 18.Rfd1 Rc8 19.Qb3 a5 20.Bd4 a4 21.Qb4 Rf5 22.Qd2 e5
23.Rac1 Qb8 24.Ba7 Qxa7 25.Rxc8+ Bf8 26.Qd8 {#r} 1-0

[Event "Cup Mitropa"]
[Site "masterchessopen.com Brno (Czech Republic)"]
[Round "2"]
[White "Meier Georg (GER)"]
[Black "Sakelsek Tadej (SLO)"]
[Result "1-0"]
[WhiteElo "2484"]
[BlackElo "2468"]

1.Nf3 Nf6 2.c4 e6 3.g3 d5 4.d4 dxc4 5.Bg2 Be7 6.O-O O-O 7.Qc2 a6 8.Qxc4 b5
9.Qc2 Bb7 10.Bg5 Nbd7 11.Bxf6 Nxf6 12.Nbd2 Qb8 13.Rfc1 Rc8 14.Nb3 Be4 15.Qc3
Nd5 16.Qd2 Nf6 17.Nc5 Bxc5 18.Rxc5 Bd5 19.Qf4 Ne4 20.Rc2 c5 21.Ne5 f6 22.Bxe4
fxe5 23.dxe5 Rf8 24.Qe3 Bxe4 25.Qxe4 Qc7 26.Rac1 c4 27.b3 Qf7 28.f4 cxb3
29.axb3 Qa7+ 30.Kg2 Rad8 31.Rc7 Qa8 32.Qxa8 Rxa8 33.R1c6 a5 34.Rxe6 Rf7 35.Rc2
a4 36.Ra2 Rb7 37.bxa4 bxa4 38.Ra3 Rb4 39.Rd6 Kf7 40.Kf3 Ke7 41.e3 Rb5 42.Ke4
Ra7 43.g4 {#r} 1-0

[Event "Ch Austria (qual)"]
[Site "masterchessopen.com Koeflach (Austria)"]
[Date "2006.09.09"]
[Round "8"]
[White "Ferrari Josef (AUT)"]
[Black "Schnider Gert (AUT)"]
[Result "0-1"]
[WhiteElo "2152"]
[BlackElo "2245"]

1.Nf3 Nf6 2.g3 e6 3.Bg2 d5 4.d4 Be7 5.c4 dxc4 6.O-O c5 7.Qa4+ Nbd7 8.dxc5 O-O
9.Qxc4 Bxc5 10.Nc3 Qe7 11.Bg5 h6 12.Bxf6 Nxf6 13.Ne5 a6 14.a4 Qc7 15.Ne4 Nxe4
16.Qxe4 f5 17.Qf4 g5 18.Qc4 Qxe5 19.b4 Be7 20.f4 Qe3+ 21.Kh1 b5 22.Qa2 Rb8
23.Rf3 Qb6 24.a5 Qd4 25.Rc1 Qd5 26.Qc2 Bb7 27.g4 Rbc8 28.Qb2 Rxc1+ 29.Qxc1 Rc8
30.Qg1 Qd2 {#R} 0-1

[Event "Ch World (juniors) (under 20)"]
[Site "masterchessopen.com Yerevan (Armenia)"]
[Date "2006.10.12"]
[Round "9"]
[White "Grigoryan Avetik (ARM)"]
[Black "Kjartansson Gudmundur (ISL)"]
[Result "1-0"]
[WhiteElo "2404"]
[BlackElo "2246"]

1.d4 Nf6 2.c4 e6 3.g3 d5 4.Nf3 Be7 5.Bg2 dxc4 6.O-O O-O 7.Qc2 a6 8.a4 Bd7
9.Qxc4 Bc6 10.Bg5 Nbd7 11.Nc3 Nd5 12.Bxe7 Qxe7 13.Nxd5 Bxd5 14.Qxc7 Rac8
15.Qf4 Qb4 16.e4 Bc4 17.Rfc1 Qxb2 18.Rab1 Qa3 19.Rxb7 Qxa4 20.h4 Bb5 21.Rxc8
Rxc8 22.Ne5 Nxe5 23.Qxe5 Qa1+ 24.Kh2 Be8 25.Qd6 a5 26.d5 exd5 27.Rb8 Rxb8
28.Qxb8 Qa4 29.exd5 Qb5 30.Qa7 a4 31.d6 Qd7 32.Qc5 g6 33.h5 Kg7 34.Qd4+ Kg8
35.h6 f5 36.Bd5+ {#r} 1-0

[Event "It (open)"]
[Site "masterchessopen.com Copenhagen (Denmark)"]
[Date "2006.10.20"]
[Round "7"]
[White "Skjoldan Benjamin (DEN)"]
[Black "Kiss Judit (HUN)"]
[Result "1-0"]
[WhiteElo "2188"]
[BlackElo "2118"]

1.d4 d5 2.c4 e6 3.g3 dxc4 4.Nf3 Nf6 5.Bg2 Be7 6.Qc2 O-O 7.Qxc4 c6 8.O-O b5
9.Qc2 Qb6 10.Be3 Nd5 11.Bg5 f6 12.Bd2 Bb7 13.e4 Nc7 14.Be3 Nd7 15.Rd1 Rfd8
16.Nc3 c5 17.d5 e5 18.Nh4 b4 19.Na4 Qa5 20.d6 Bxd6 21.Rxd6 Nb5 22.Rdd1 Nd4
23.Bxd4 cxd4 24.a3 Kh8 25.Nf5 Rac8 26.Qb3 bxa3 27.Nd6 Bc6 28.Nf7+ {#r} 1-0

[Event "Ch SK \"]
[Site "masterchessopen.com Kiev (Ukraine)"]
[Date "2006.11.02"]
[Round "6"]
[White "Kostiukova Liubov (UKR)"]
[Black "Grinev Valeriy (UKR)"]
[Result "1-0"]
[WhiteElo "2388"]
[BlackElo "2232"]

1.d4 Nf6 2.c4 e6 3.g3 d5 4.Bg2 Be7 5.Nf3 dxc4 6.Qc2 a6 7.a4 Nbd7 8.Nbd2 c5
9.dxc5 Nxc5 10.Nxc4 Bd7 11.Nfe5 Bxa4 12.Rxa4 Nxa4 13.Bxb7 Nc5 14.Nc6 Qd5
15.Nxe7 Qd8 16.Nc6 Qd5 17.Nb4 {#r} 1-0

[Event "It (open) (active)"]
[Site "masterchessopen.com El Sauzal (Spain)"]
[Date "2006.11.05"]
[Round "7"]
[White "Kurajica Bojan (CRO)"]
[Black "Villagran Carrasco Juan Carlos (ESP)"]
[Result "1-0"]
[WhiteElo "2555"]
[BlackElo "2134"]

1.d4 Nf6 2.Nf3 e6 3.g3 d5 4.Bg2 Be7 5.c4 dxc4 6.Qa4+ Nbd7 7.O-O O-O 8.Qxc4 a6
9.Qc2 c5 10.Rd1 cxd4 11.Nxd4 Qa5 12.Nc3 Qh5 13.h3 e5 14.Nf5 Bc5 15.g4 Nxg4
16.hxg4 Qxg4 17.Nd5 b6 18.b4 Nf6 19.Nxf6+ gxf6 20.Nh6+ {#r} 1-0

[Event "It (cat.10)"]
[Site "masterchessopen.com Sao Paulo (Brazil)"]
[Date "2006.11.12"]
[Round "2"]
[White "El Debs Felipe De Cresce (BRA)"]
[Black "Fier Alexander Hilario Takeda (BRA)"]
[Result "0-1"]
[WhiteElo "2325"]
[BlackElo "2490"]

1.d4 Nf6 2.c4 e6 3.g3 d5 4.Nf3 dxc4 5.Bg2 Be7 6.O-O O-O 7.Qc2 a6 8.Qxc4 b5
9.Qc2 Bb7 10.Bd2 Be4 11.Qc1 Nc6 12.Be3 Rc8 13.Rd1 Na5 14.Nbd2 Bd5 15.Qc3 Nb7
16.Nb3 Ne4 17.Qc2 c5 18.Nxc5 Nbxc5 19.dxc5 Nxc5 20.Ne1 Na4 21.Qb1 Bf6 22.Bxd5
exd5 23.Bd4 Re8 24.e3 Bxd4 25.Rxd4 Qf6 26.b3 Nc3 27.Qd3 Ne2+ 28.Qxe2 Qxd4
29.Rd1 Qe4 30.Qd3 Red8 31.Qd2 b4 32.Nd3 a5 33.Ne1 h5 34.h4 f6 35.Kh2 Qf5
36.Qe2 Qg4 37.Nf3 Rc3 38.Rd4 Qf5 39.Ne1 Rdc8 40.Kg2 Rc1 41.Rf4 Qb1 42.Qa6 Kh7
43.Nf3 Rh1 44.Rd4 Rc4 45.Ng5+ fxg5 46.bxc4 g4 {#R} 0-1

[Event "Ch Region"]
[Site "masterchessopen.com Novosibirsk (Russia)"]
[Date "2006.12.10"]
[Round "6"]
[White "Dzhumagaliev Yan (RUS)"]
[Black "Kezin Roman (RUS)"]
[Result "1-0"]
[WhiteElo "2241"]
[BlackElo "2131"]

1.Nf3 d5 2.c4 e6 3.d4 Nf6 4.g3 dxc4 5.Bg2 Be7 6.O-O O-O 7.Ne5 Nc6 8.Bxc6 bxc6
9.Nxc6 Qd6 10.Nxe7+ Qxe7 11.Qa4 e5 12.dxe5 Qxe5 13.Qxc4 Bb7 14.Nc3 Rab8 15.Bf4
Qh5 16.f3 Bc8 17.Rab1 Bh3 18.Rfd1 Rfe8 19.Rd2 Rbc8 20.Rbd1 Be6 21.Qb5 Qg6
22.Qg5 Re7 23.Qxg6 hxg6 24.e4 c6 25.Bg5 Rec7 26.Bxf6 gxf6 27.Rd8+ Kg7 28.Rxc8
Rxc8 29.Kf2 Kf8 30.Ke3 Ke7 31.h4 Rb8 32.Rd2 Rb4 33.Rh2 Rb6 34.g4 Rb8 35.h5
gxh5 36.gxh5 f5 37.h6 Rh8 38.h7 fxe4 39.fxe4 Kd6 40.Kf4 Ke7 41.Kg5 Bc4 42.Kh6
Kf8 43.Rd2 {#r} 1-0

[Event "Extraliga 2006/07"]
[Site "masterchessopen.com Slovakia"]
[Date "2006.12.10"]
[Round "6"]
[White "Molnar Peter (HUN)"]
[Black "Kantorik Marian (SVK)"]
[Result "0-1"]
[WhiteElo "2158"]
[BlackElo "2364"]

1.d4 d5 2.Nf3 e6 3.g3 Nf6 4.Bg2 Be7 5.c4 dxc4 6.Qa4+ Nbd7 7.O-O a6 8.Qxc4 b5
9.Qd3 Bb7 10.Nc3 O-O 11.Bg5 c5 12.dxc5 Nxc5 13.Qe3 b4 14.Bxf6 Bxf6 15.Qxc5
bxc3 16.bxc3 Rc8 17.Qa7 Bd5 18.Qxa6 Bc4 19.Qa3 Bxe2 20.Rfc1 Qd3 21.Ne1 Qc4
22.Rab1 Rfd8 23.Rb2 Bd1 24.Bf3 Bxf3 25.Nxf3 Qe4 26.Nd2 Qf5 27.Nf1 h5 28.Rd2
Rxd2 29.Nxd2 h4 30.c4 Rd8 31.Nf1 h3 32.Qb3 Qe4 33.f3 Qe2 {#R} 0-1